000 00322nam a22001337a 4500
020 _a0-408-00759-1
082 _a621.37 INS'N
100 _aNORLTINGK, B. E
_975607
245 _aINSTRUMENT TECHNOLOGY, VOLUME-4 INSTRUMENTATION SYSTEMS
250 _a4TH
260 _aLONDON
_bELBS
_c1987
300 _a186P
942 _cBK
999 _c581001
_d581001